[Event "Sochi ChessAmateur op"]
[Site "Sochi"]
[Date "2018.04.04"]
[Round "5"]
[White "Inozemtsev, Sergei"]
[Black "Vafin, Ayrat"]
[Result "1-0"]
[WhiteElo "2315"]
[BlackElo "2227"]
[PlyCount "91"]
[EventDate "2018.04.01"]
[EventType "swiss"]
[EventRounds "9"]
[EventCountry "RUS"]
[SourceTitle "CBM 184 Extra"]
[Source "ChessBase"]
[SourceDate "2018.06.28"]
[SourceVersion "1"]
[SourceVersionDate "2018.06.28"]
[SourceQuality "1"]

1. e4 d5 2. exd5 Qxd5 3. Nc3 Qd6 4. d4 Nf6 5. Nf3 c6 6. Ne5 Nbd7 7. Nc4 Qc7 8. Qf3 Nb6 9. Ne5 Be6 10. Bf4 Nbd5 11. Nxd5 Nxd5 12. Bg3 Qa5+ 13. c3 g6 14. Nc4 Qd8 15. Bd3 Bg7 16. 0-0 0-0 17. Rfe1 Qc8 18. h3 Nb6 19. Na5 Re8 20. Re2 Nd7 21. Rae1 Bf6 22. Be4 Nb6 23. Nb3 Bc4 24. Rd2 Bg7 25. Na5 Bd5 26. Rde2 e6 27. Qd3 Qd7 28. Qc2 Bxe4 29. Rxe4 Rec8 30. c4 c5 31. dxc5 Rxc5 32. b4 Rcc8 33. Qb3 Rd8 34. Bh4 Re8 35. Rd1 Qc8 36. Bg3 Nd7 37. c5 b6 38. cxb6 Nxb6 39. Nc4 Nxc4 40. Rxc4 Qb7 41. Rc7 Qe4 42. Rdd7 Qe1+ 43. Kh2 Rf8 44. b5 a5 45. a4 Be5 46. f4 1-0

[Event "Sochi ChessAmateur op"]
[Site "Sochi"]
[Date "2018.04.04"]
[Round "6"]
[White "Mesropian, Khachatur"]
[Black "Inozemtsev, Sergei"]
[Result "1/2-1/2"]
[WhiteElo "2105"]
[BlackElo "2315"]
[PlyCount "191"]
[EventDate "2018.04.01"]
[EventType "swiss"]
[EventRounds "9"]
[EventCountry "RUS"]
[SourceTitle "CBM 184 Extra"]
[Source "ChessBase"]
[SourceDate "2018.06.28"]
[SourceVersion "1"]
[SourceVersionDate "2018.06.28"]
[SourceQuality "1"]

1. d4 e6 2. c4 Nf6 3. Nc3 Bb4 4. Bg5 c5 5. d5 d6 6. e3 Bxc3+ 7. bxc3 Qe7 8. Bd3 Nbd7 9. Ne2 h6 10. Bh4 Ne5 11. 0-0 Bd7 12. Rb1 Rb8 13. e4 Ng6 14. Bxf6 Qxf6 15. f4 e5 16. f5 Nf8 17. Ng3 Nh7 18. Rb2 Qg5 19. Qf3 Nf6 20. Nh1 h5 21. Nf2 h4 22. Be2 Ke7 23. Nh3 Qh6 24. Rfb1 b6 25. a4 g6 26. a5 gxf5 27. exf5 Rhg8 28. axb6 axb6 29. Nf2 Rg5 30. Bd3 Rbg8 31. Nh3 Rg4 32. Re1 Rb8 33. Nf2 Rg5 34. Nh3 Rgg8 35. Nf2 Qg5 36. Ne4 Nxe4 37. Bxe4 Rb7 38. Bd3 Kf6 39. Reb1 Rgb8 40. g3 hxg3 41. Rg2 Rh8 42. Rxg3 Qh4 43. Qg2 Rbb8 44. Rf1 Rbf8 45. Rff3 e4 46. Re3 Qh6 47. Bxe4 Rhg8 48. Re1 Rxg3 49. Qxg3 Qg5 50. Kg2 Rg8 51. Qxg5+ Rxg5+ 52. Kf3 Bxf5 53. Bxf5 Rxf5+ 54. Kg4 Rf2 55. h4 Rg2+ 56. Kf4 Rh2 57. Kg4 Rc2 58. Re3 Rc1 59. Rf3+ Kg7 60. h5 Re1 61. Rg3 Kh6 62. Rf3 Kg7 63. Rg3 Kf6 64. Rf3+ Kg7 65. Rg3 Re5 66. Rf3 Re4+ 67. Kg5 Re5+ 68. Rf5 f6+ 69. Kg4 Re1 70. Rf2 Re4+ 71. Rf4 Re1 72. Rf2 Re4+ 73. Rf4 Re1 74. Rf3 Re4+ 75. Kf5 Re5+ 76. Kg4 Re4+ 77. Rf4 Re1 78. Rf2 Re4+ 79. Rf4 Re1 80. Kf5 Re5+ 81. Kg4 Re1 82. Kf3 Rc1 83. Rg4+ Kf7 84. h6 f5 85. Rg7+ Kf6 86. Rd7 Rxc3+ 87. Kg2 Rxc4 88. h7 Rh4 89. Kg3 Rh1 90. Kf4 Rh4+ 91. Kg3 Rh1 92. Kf4 Rh4+ 93. Kg3 Rh1 94. Kf4 Rh4+ 95. Kg3 Rh1 96. Rxd6+ 1/2-1/2

[Event "Sochi Doroshkevich Amateur op"]
[Site "Sochi"]
[Date "2017.12.28"]
[Round "9"]
[White "Rjabzev, Konstantin"]
[Black "Inozemtsev, Sergei"]
[Result "1/2-1/2"]
[WhiteElo "2265"]
[BlackElo "2314"]
[PlyCount "63"]
[EventDate "2017.12.21"]
[EventType "swiss"]
[EventRounds "9"]
[EventCountry "RUS"]
[SourceTitle "CBM 182 Extra"]
[Source "ChessBase"]
[SourceDate "2018.02.23"]
[SourceVersion "1"]
[SourceVersionDate "2018.02.23"]
[SourceQuality "1"]

1. e4 e6 2. d4 d5 3. Nd2 Nf6 4. e5 Nfd7 5. c3 c5 6. f4 Nc6 7. Ndf3 Qb6 8. a3 Be7 9. h4 cxd4 10. cxd4 Na5 11. Ne2 Qb3 12. Bd2 Qxd1+ 13. Kxd1 Nb3 14. Rb1 Nb6 15. Nc3 Bd7 16. Nb5 Kd8 17. Kc2 Nxd2 18. Kxd2 a6 19. Nc3 Rc8 20. Ng5 Ke8 21. Bd3 h6 22. Nf3 Nc4+ 23. Bxc4 Rxc4 24. Rbc1 Bd8 25. Kd3 Bb6 26. b3 Rc7 27. Rc2 Ke7 28. Rhc1 Rhc8 29. a4 Rc6 30. Ne2 Rxc2 31. Rxc2 Rxc2 32. Kxc2 1/2-1/2